000 00305nam a2200121Ia 4500
008 191201s2005 xx 000 0 und d
100 _aHARVARD BUSINESS PRESS
245 0 _aPower, Influence, and Persuasion
260 _aN. Delhi
_bHBR PRESS
_c2005
300 _a168
650 _aB.Tech(CE)
942 _2ddc
_cBK
999 _c390
_d390